<?xml version="1.0" encoding="UTF-8"?>
<collection xmlns:xsi="http://www.w3.org/2001/XMLSchema-instance" xsi:schemaLocation="http://www.loc.gov/MARC21/slim http://www.loc.gov/standards/marcxml/schema/MARC21slim.xsd" xmlns="http://www.loc.gov/MARC21/slim">
 <record>
  <leader>00000cam a22000004i 4500</leader>
  <controlfield tag="001">UP-99796217611813538</controlfield>
  <controlfield tag="003">Buklod</controlfield>
  <controlfield tag="005">20151010231049.0</controlfield>
  <controlfield tag="006">a     r    |||| u|</controlfield>
  <controlfield tag="007">ta</controlfield>
  <controlfield tag="008">151010s2013    xx     d     r    |||| u|</controlfield>
  <datafield tag="020" ind1=" " ind2=" ">
   <subfield code="a">9789715066792</subfield>
  </datafield>
  <datafield tag="035" ind1=" " ind2=" ">
   <subfield code="a">(iLib)UPD-00249810952</subfield>
  </datafield>
  <datafield tag="040" ind1=" " ind2=" ">
   <subfield code="a">DCAL</subfield>
   <subfield code="e">rda</subfield>
  </datafield>
  <datafield tag="041" ind1=" " ind2=" ">
   <subfield code="a">fil</subfield>
  </datafield>
  <datafield tag="042" ind1=" " ind2=" ">
   <subfield code="a">DMLUC</subfield>
  </datafield>
  <datafield tag="090" ind1=" " ind2=" ">
   <subfield code="a">PL 6165.4 N86</subfield>
   <subfield code="b">L54 2013</subfield>
  </datafield>
  <datafield tag="100" ind1="1" ind2=" ">
   <subfield code="a">Nuncio, Rhoderick V.</subfield>
   <subfield code="e">author.</subfield>
  </datafield>
  <datafield tag="245" ind1="1" ind2="4">
   <subfield code="a">Ang lihim ng ultramar</subfield>
   <subfield code="c">Rhod V. Nuncio.</subfield>
  </datafield>
  <datafield tag="264" ind1=" " ind2="1">
   <subfield code="a">Manila</subfield>
   <subfield code="b">UST Publishing House</subfield>
   <subfield code="c">[2013]</subfield>
  </datafield>
  <datafield tag="300" ind1=" " ind2=" ">
   <subfield code="a">212 pages</subfield>
   <subfield code="c">23 cm</subfield>
  </datafield>
  <datafield tag="336" ind1=" " ind2=" ">
   <subfield code="a">text</subfield>
   <subfield code="2">rdacontent</subfield>
  </datafield>
  <datafield tag="337" ind1=" " ind2=" ">
   <subfield code="a">unmediated</subfield>
   <subfield code="2">rdamedia</subfield>
  </datafield>
  <datafield tag="338" ind1=" " ind2=" ">
   <subfield code="a">volume</subfield>
   <subfield code="2">rdacarrier</subfield>
  </datafield>
  <datafield tag="520" ind1=" " ind2=" ">
   <subfield code="a">&quot;Nasangkot sa maraming iskandalo ang pangulo ng bansa - ang NRT extension project, imoralidad at ang pagpatay sa mahigpit nitong katunggali sa politika noong panahon ng presidential election. Sa kainitan ng kontrobersiya, pinagbitiw niya ang kanyang Cabinet secretaries at binalasa ang buong AFP at PNP. Ipinasara niya ang isang TV station na kritikal sa kanyang administrasyon. Noong Martial law may binuong isang covert security protocol ang dating diktador na tutugis sa mga magtatangka o nagtangkang magpapatay sa Pangulo ng bansa. Isang propesor sa De La Salle University ang nakatuklas sa lihim na ito bunga ng misteryosong pagkamatay ng isang religious Brother. Katulong niya sa kanyang misyon ang PSG Chief, dating pangulo ng bansa at isang henyong heneral upang tuklasin ang sabwatan ng militar at sibilyan sa napipintong kudeta at asasinasyon sa Pangulo.&quot;--Cover.</subfield>
  </datafield>
  <datafield tag="650" ind1=" " ind2="0">
   <subfield code="a">Tagalog fiction.</subfield>
  </datafield>
  <datafield tag="651" ind1=" " ind2="0">
   <subfield code="a">Philippines</subfield>
   <subfield code="x">Fiction</subfield>
   <subfield code="x">Coup d' etat.</subfield>
  </datafield>
  <datafield tag="905" ind1=" " ind2=" ">
   <subfield code="a">FI</subfield>
  </datafield>
  <datafield tag="852" ind1="0" ind2=" ">
   <subfield code="a">UPD</subfield>
   <subfield code="b">DCAL</subfield>
   <subfield code="h">PL 6165.4 N86</subfield>
   <subfield code="i">L54 2013</subfield>
  </datafield>
  <datafield tag="852" ind1="0" ind2=" ">
   <subfield code="a">UPD</subfield>
   <subfield code="b">DMLF</subfield>
   <subfield code="h">PL 6165.4 N86</subfield>
   <subfield code="i">L54 2013</subfield>
  </datafield>
  <datafield tag="942" ind1=" " ind2=" ">
   <subfield code="a">Book</subfield>
  </datafield>
 </record>
</collection>
